La estrella de madera /
Guardado en:
| Autor Principal: | |
|---|---|
| Otros Autores: | , |
| Formato: | Libro |
| Idioma: | Undetermined |
| Publicado: |
Avellaneda :
Página/12,
2002.
|
| Series: | Los grandes para los chicos ;
31 |
| Materias: | |
| Etiquetas: |
Agregar Etiqueta
Sin Etiquetas, Sea el primero en etiquetar este registro!
|
| LEADER | 00685nam a22002055a 4500 | ||
|---|---|---|---|
| 001 | CEM.cems021232 | ||
| 008 | 240618s2002####xx############000#0#und#d | ||
| 005 | 20240618172315.0 | ||
| 245 | 1 | 0 | |a La estrella de madera / |c Marcel Schwob ; prólogo por Liliana Viola ; ilustrado por Rep. |
| 260 | |a Avellaneda : |b Página/12, |c 2002. | ||
| 300 | |a 32 p. | ||
| 490 | 1 | |a Los grandes para los chicos ; |v 31 | |
| 500 | |a Incluye biografía del autor. | ||
| 020 | |a 9875033367 | ||
| 100 | 1 | |a Schwob, Marcel. | |
| 700 | 1 | |a Viola, Liliana; pról. | |
| 700 | 1 | |a Rep; il. | |
| 653 | |a Literatura francesa | ||
| 653 | |a Narrativa francesa | ||
| 859 | |a CEMS |b BIB. CEMS - Inicial y Primaria |h 843.8 |i Sch998 |k IP |p 6059 |t Ej.1 | ||
